La enseñanza de las matemáticas en la escuela primaria : material recortable.

محفوظ في:
التفاصيل البيبلوغرافية
المؤلف الرئيسي: Block Sevilla, David coord, (autor)
مؤلفون آخرون: Balbuena Corro, Hugo, [et al.] (autor) [et al.], (autor)
التنسيق: كتاب
اللغة:الإسبانية
الموضوعات:
الوسوم: إضافة وسم
لا توجد وسوم, كن أول من يضع وسما على هذه التسجيلة!

MARC

LEADER 00000nam^a2200000^u^4500
001 000497143
005 20250521000000.0
008 070302s1000^^^^^^^^^^^^r^^^^^000^0^spa^d
009 20260310125628.515
022 |a 9682976219 
035 |a FCE 000040756 
037 |a Acervo ITESO - Biblioteca 
041 |a spa 
082 0 4 |a 372.7  |b BLOe MATR 
100 |a Block Sevilla, David,  |e coord  |e (autor) 
245 1 0 |a La enseñanza de las matemáticas en la escuela primaria :  |b material recortable. 
264 |a México :  |b SEP, Programa Nacional de Actualización Permanente,  |c 1995. 
300 |a [pág. varía] :  |b il. 
336 |a texto  |b txt  |2 rdacontenido 
337 |a sin mediación  |b n  |2 rdamedio 
338 |a volumen  |b nc  |2 rdasoporte 
649 |a XX 
650 |a Material didáctico 
650 |a Enseñanza de las matemáticas 
650 |a Educación primaria 
650 |a México 
700 |a Balbuena Corro, Hugo,  |e [et al.]  |e (autor) 
910 |a Fondo Centro de Estudios Educativos 
920 |a Impresos - Libros 
930 |a Fondos Especiales 
905 |a 133 
901 |a ALE047593  |b IT2  |c CEE  |u 20250521 
901 |a ALE049829  |b IT2  |c CEE  |u 20250521 
902 |a https://opac.biblio.iteso.mx/vufind/Record/000497143